Бабидские восстания в Иране : (Record no. 337959)
[ view plain ]
| 000 -LEADER | |
|---|---|
| fixed length control field | 00788nam a2200217 a 4500 |
| 001 - CONTROL NUMBER | |
| control field | 001030310 |
| 003 - CONTROL NUMBER IDENTIFIER | |
| control field | AM-YeHGA |
| 005 - DATE AND TIME OF LATEST TRANSACTION | |
| control field | 20250617150755.0 |
| 008 - FIXED-LENGTH DATA ELEMENTS--GENERAL INFORMATION | |
| fixed length control field | 140711s1939 ru r 000 0 rus d |
| 040 ## - CATALOGING SOURCE | |
| Original cataloging agency | AM-YeHGA |
| 041 0# - LANGUAGE CODE | |
| Language code of text/sound track or separate title | rus |
| 090 ## - LOCALLY ASSIGNED LC-TYPE CALL NUMBER (OCLC); LOCAL CALL NUMBER (RLIN) | |
| -- | 339739 |
| 100 0# - MAIN ENTRY--PERSONAL NAME | |
| Personal name | Иванов, М.С. |
| 245 10 - TITLE STATEMENT | |
| Title | Бабидские восстания в Иране : |
| Remainder of title | (1848-1852) / |
| Statement of responsibility, etc. | М.С. Иванов ; Ин-т востоковедения АН СССР. |
| 260 ## - PUBLICATION, DISTRIBUTION, ETC. | |
| Place of publication, distribution, etc. | Москва-Ленинград : |
| Name of publisher, distributor, etc. | АН СССР, |
| Date of publication, distribution, etc. | 1939. |
| 300 ## - PHYSICAL DESCRIPTION | |
| Extent | 173 с. |
| 440 #0 - SERIES STATEMENT/ADDED ENTRY--TITLE | |
| Title | Труды института востоковедения. |
| Volume/sequential designation | XXX |
| 650 14 - SUBJECT ADDED ENTRY--TOPICAL TERM | |
| Topical term or geographic name entry element | Востоковедение |
| 650 14 - SUBJECT ADDED ENTRY--TOPICAL TERM | |
| Topical term or geographic name entry element | История Ирана |
| 710 2# - ADDED ENTRY--CORPORATE NAME | |
| Corporate name or jurisdiction name as entry element | Институт востоковедения АН СССР |
| Withdrawn status | Lost status | Source of classification or shelving scheme | Damaged status | Not for loan | Collection | Home library | Current library | Date acquired | Total checkouts | Full call number | Barcode | Date last seen | Price effective from | Koha item type | Public note |
|---|---|---|---|---|---|---|---|---|---|---|---|---|---|---|---|
| Universal Decimal Classification | Lipin Individual Collection | Fundamental Scientific Library | Fundamental Scientific Library | 09/01/2017 | Лип/626 | FL0297152 | 09/01/2017 | 09/01/2017 | Գրքեր / Books | ILL Non-Circ. | |||||
| Universal Decimal Classification | General | Fundamental Scientific Library | Fundamental Scientific Library | 09/04/2019 | РД II/58026 | FL0571840 | 09/04/2019 | 09/04/2019 | Գրքեր / Books | 30 Days Loan |
ՀՀ Գիտությունների ազգային ակադեմիայի հիմնարար գիտական գրադարան = Fundamental Scientific Library of NAS RA
All site content, except where otherwise noted, is licensed under a